000 00291nam a2200121Ia 4500
008 190902s9999||||xx |||||||||||||| ||und||
020 _a0-07-047823-6
100 _aDrucker
245 0 _aInnovation and Entrepreneurship
260 _aIndia
_bMcGraw Hill
_c1985
300 _a285
942 _cBK
999 _c2857
_d2857